Регионална библиотека "Любен Каравелов" - Русе

Портретът в българската живопис (Запис номер 94247)

MARC детайли
000 -Лидер
Контролно поле с фиксирана дължина 01266nam a2200349 c 4500
003 - Код на организацията, давaща контролен номер
Контролно поле BLK
005 - Дата и час на последна редакция
Контролно поле 20220615130612.0
008 - Елементи от данни с фиксирана дължина
fixed length control field 180408b bul|||||r ||||||| ||bul||
010 ## - Наследен системен номер
LC control number KNG00099065000
040 ## - Източник на каталожния запис
Идентификатор на билиотеката - собственик на записа BLK
041 ## - Код за език
Код за езика на текст/звукозапис или на отделно заглавие Български
Код за езика КДБФ Български
080 ## - УДК
Текстов определител УДК Живопис - Портрети
УДК код - определител по УДК 75.041.5
УДК определител (497.2)
УДК - код + определител 75.041.5(497.2)
100 1# - Редна дума - Автор
Автор Михалчева, Ирина
Авторска отговорност първи автор
R(LIN) 242597
139 ## - Редно поле
Редна дума Михалчева, Ирина
Авторски знак Михал - М 75
245 10 - Сведения за заглавието
Заглавие Портретът в българската живопис
Подзаглавни данни Ч. 1 -
Редно поле (дума) Ирина Михалчева.
Том Ч. 1
Заглавие на том 1878 - 1918
257 ## - Страна на издаване
Страна на създаване/издаване България
260 ## - Област на издателските данни
Място на издаване, разпространение и проч. София
Име на издателя, разпространителя и проч. БАН
Година на издаване 1968 -
300 ## - Физическа характеристика
Размери/Мащаб 21 см
380 ## - Жанр
Жанр Изкуство
650 #4 - Допълнително описание по предмет – тема
Основно описание – тема или топоним Живопис - България
9 (RLIN) 242598
650 #4 - Допълнително описание по предмет – тема
Основно описание – тема или топоним Портретна живопис, българска
9 (RLIN) 242599
653 ## - Ключова дума – ненормативна
Ключова дума портрети
653 ## - Ключова дума – ненормативна
Ключова дума България
653 ## - Ключова дума – ненормативна
Ключова дума живопис
653 ## - Ключова дума – ненормативна
Ключова дума художници
760 1# - Описание на основната серия
Редна дума на основното описание Михалчева, Ирина
Място на издаване, издател и година София, 1968
Страници - том 176 с. : с репрод.
Част - том Ч. 1 : 1878 - 1918
Заглавие Портретът в българската живопис
852 ## - Местоположение
Форматна сигнатура Цб 45894
Фондова буква Хранилище
999 ## - СИСТЕМНИ КОНТРОЛНИ НОМЕРА
Koha biblionumber 94247
Koha biblioitemnumber 94247
942 ## - АРТИКУЛИ
Вид на библиотечния материал Книги
Скрит в OPAC Не
Koha issues (borrowed), all copies 1
Периодичен библиозапис Да
944 ## - СЪЗДАВАНЕ И РЕДАКЦИЯ на ЗАПИСА
Създаване/Редакция Създаване
Дата на регистрацията/редакция 21.01.2011
Статус, дата на статуса добави в АБ / 20.01.2011
Служител, извършил регистрацията/редакцията Ирена_Линкова
944 ## - СЪЗДАВАНЕ И РЕДАКЦИЯ на ЗАПИСА
Създаване/Редакция Редакция
Дата на регистрацията/редакция 2022-06-15
Статус, дата на статуса 2022-06-15
Служител, извършил регистрацията/редакцията СТ
999 ## - СИСТЕМНИ КОНТРОЛНИ НОМЕРА
Koha biblioitemnumber 94247
Наличности
Код за отписване Код за изгубен артикул Източник на класификационната схема Код за повреда Коз за рестрикции Код за отдаване Артикулен № Име на библиотеката - собственик Име на библиотеката, в която се намира в момента Статус (Текущо местоположение) Дата на вписване в системата Местоположение - отдел Цена в лева Инвентарен номер Систематично азбучна сигнатура Баркод Номер на екземпляра Цена в евро Служебна бележка Служебен тип на артикула
  Не е изгубен Universal Decimal Classification Не е повреден без рестрикции заемане за дома 151358 Регионална библиотека "Любен Каравелов" Русе Регионална библиотека "Любен Каравелов" Русе Отдел Изкуство - подръчен фонд 1968-01-01 Отдел Изкуство - подръчен фонд 4.50 17122/68 75.04/М 75 900000003920 1 2.30 Дост: Pk Вид: Ф N: стар фонд Дата: 01.01.1968 Книги
  Не е изгубен Universal Decimal Classification Не е повреден без рестрикции ползва се в читалня 151359 Регионална библиотека "Любен Каравелов" Русе Регионална библиотека "Любен Каравелов" Русе Хранилище 1968-01-01 Хранилище 4.50 17466/68 Цб 45894 900000101141 2 2.30 Дост: Dp Вид: Д N: стар фонд Дата: 01.01.1968 Книги
Vip Innovations Ltd, Rousse, Bulgaria 2025